| 000 | 00380 a2200145 4500 | ||
|---|---|---|---|
| 003 | Nust | ||
| 005 | 20170207165830.0 | ||
| 022 | _a0-497-84006-5 | ||
| 040 | _cNust | ||
| 100 | _aParker, Philip M | ||
| 245 |
_aThe 2009-2014 World Outlook for Web 2.0 Technologies (E-BOOK) _cPhilip M. Parker |
||
| 260 |
_aIcon Group International, _b France _c2008 |
||
| 300 | _a197 p | ||
| 651 | _aE-BOOK | ||
| 942 |
_2ddc _cBK |
||
| 999 |
_c213251 _d213251 |
||